000 00645nam a2200241Ia 4500
005 20251020182512.0
008 200515s9999 xx 000 0 und d
020 _a968-451-846-3
082 _a656.56/R48
100 _aReza García, Clemente
245 0 _aFlujo de fluidos en válvulas, accesorios y tuberías : Preparado por la división de Ingeniería de : CRANE
260 _aMéxico, D.F.
260 _bMcGraw-Hill
260 _c1992
300 _ap. irregular
300 _bil., tbl., graf.
500 _a1 ejemplar
650 _aFLUIDOS
650 _aFLUJO DE FLUIDOS
650 _aFLUJOS
942 _cLIB
999 _c1472
_d1472